[Event "45th Olympiad Budapest 2024"]
[Site "Budapest"]
[Date "2024.09.20"]
[Round "9.1"]
[White "Gukesh, D."]
[Black "Abdusattorov, Nodirbek"]
[Result "1/2-1/2"]
[WhiteElo "2764"]
[BlackElo "2766"]
[PlyCount "63"]
[EventDate "2024.09.11"]
[EventType "team"]
[EventRounds "11"]
[EventCountry "HUN"]
[WhiteTeam "India"]
[BlackTeam "Uzbekistan"]
[WhiteTeamCountry "IND"]
[BlackTeamCountry "UZB"]

1. e4 c5 2. Nf3 d6 3. Nc3 Nf6 4. d4 cxd4 5. Nxd4 a6 6. a4 e5 7. Nf3 Be7 8. g3 Be6 9. Bg2 Nc6 10. O-O O-O 11. Re1 Qc8 $146 ({RR} 11... Rc8 12. Ng5 Bg4 13. Bf3 Bd7 14. Bg2 Nd4 15. Nf3 Bg4 16. Qd3 Nxf3+ 17. Bxf3 Be6 18. Be3 Qa5 19. Bd2 Qc5 20. a5 Bc4 21. Qe3 Qxe3 22. Bxe3 Be6 23. Rec1 Bd8 24. Bd2 h6 25. Na4 Rc4 26. b3 {Dubov,D (2710)-Giri,A (2780) chess24.com INT 2021 0-1 (54)}) 12. Be3 Bd8 13. Bg5 h6 14. Bxf6 Bxf6 15. Nd5 Bd8 16. c3 Ne7 17. Ne3 Qd7 18. a5 Bc7 19. Nd2 b6 20. axb6 Bxb6 21. Ndc4 Bxe3 22. Nxe3 a5 23. Bf1 Rfb8 24. Qd2 Qc7 25. b4 axb4 26. cxb4 Rxa1 27. Rxa1 Nc6 28. Nc2 Na7 29. Na3 Nc6 30. Nc2 Na7 31. Na3 Nc6 32. Nc2 1/2-1/2

[Event "45th Olympiad Budapest 2024"]
[Site "Budapest"]
[Date "2024.09.20"]
[Round "9.2"]
[White "Sindarov, Javokhir"]
[Black "Praggnanandhaa, R."]
[Result "1/2-1/2"]
[WhiteElo "2677"]
[BlackElo "2750"]
[PlyCount "72"]
[EventDate "2024.09.11"]
[EventType "team"]
[EventRounds "11"]
[EventCountry "HUN"]
[WhiteTeam "Uzbekistan"]
[BlackTeam "India"]
[WhiteTeamCountry "UZB"]
[BlackTeamCountry "IND"]

1. e4 e6 2. d4 d5 3. e5 c5 4. c3 Nc6 5. Nf3 Qb6 6. a3 Bd7 7. b4 cxd4 8. cxd4 Rc8 9. Be3 Nh6 10. Bd3 Ng4 11. Nbd2 Be7 12. Qe2 ({RR} 12. Nb3 Nxe3 13. fxe3 Nb8 14. Nc5 Bb5 15. O-O O-O 16. Ne1 Qc6 17. Bxb5 Qxb5 18. a4 Qc6 19. b5 Qc7 20. Rc1 Bxc5 21. Rxc5 Qe7 22. Qc2 Rxc5 23. Qxc5 Qxc5 24. dxc5 Rc8 25. Nd3 Nd7 26. Rc1 f6 {Firouzja,A (2744)-Grischuk,A (2708) chess.com INT 2024 1-0 (49)}) 12... Nxe3 13. fxe3 Nb8 14. b5 $146 ({RR} 14. O-O a5 15. bxa5 Qxa5 16. Rfb1 b6 17. a4 Nc6 18. Bb5 Qa7 19. Nb3 O-O 20. a5 Nxa5 21. Bxd7 Qxd7 22. Nxa5 bxa5 23. Rxa5 Rc7 24. Rab5 {½-½ (24) Lazic,E (2269)-Bilic,V (2337) Neum BIH 2024}) 14... Bxa3 15. O-O Be7 16. Rfb1 O-O 17. g4 Rc3 18. g5 Rfc8 19. h4 Be8 20. Nh2 Nd7 21. Ng4 Kh8 22. Kh1 Nf8 23. Nf3 Ra3 24. Rxa3 Bxa3 25. Nf6 Qd8 26. Nh2 Be7 27. Rf1 Rc3 28. Nhg4 Qc8 29. Nxe8 Qxe8 30. Kg2 Ba3 31. Kh3 Qe7 32. Rf3 Kg8 33. Rg3 Kh8 34. Rf3 Kg8 35. Rg3 Kh8 36. Rf3 Kg8 1/2-1/2

[Event "45th Olympiad Budapest 2024"]
[Site "Budapest"]
[Date "2024.09.20"]
[Round "9.3"]
[White "Erigaisi, Arjun"]
[Black "Vokhidov, Shamsiddin"]
[Result "1/2-1/2"]
[WhiteElo "2778"]
[BlackElo "2650"]
[PlyCount "139"]
[EventDate "2024.09.11"]
[EventType "team"]
[EventRounds "11"]
[EventCountry "HUN"]
[WhiteTeam "India"]
[BlackTeam "Uzbekistan"]
[WhiteTeamCountry "IND"]
[BlackTeamCountry "UZB"]

1. e4 e5 2. Nf3 Nc6 3. Bb5 Nf6 4. O-O Nxe4 5. d4 Nd6 6. Ba4 e4 7. Re1 Be7 8. Ne5 O-O 9. Nc3 Nf5 10. Rxe4 Nxe5 11. dxe5 d6 12. Bf4 c6 13. exd6 Bxd6 14. Bxd6 ({RR} 14. Bb3 Bxf4 15. Rxf4 Qxd1+ 16. Rxd1 Be6 17. Bxe6 fxe6 18. Rd7 b5 19. g4 Nh4 20. Rxf8+ Rxf8 21. Rxa7 Nf3+ 22. Kg2 Ne1+ 23. Kf1 Nxc2 24. h3 Nd4 25. Ne4 h6 26. Rd7 e5 27. Ng3 Rf7 28. Rd8+ Rf8 {Naroditsky,D (2619)-Murzin,V (2648) chess.com INT 2024 1-0 (46)}) 14... Qxd6 15. Bb3 Qc7 $146 ({RR} 15... Qg6 16. Qd3 Nd6 17. Rd4 Nf5 18. Rd8 Be6 19. Rxa8 Rxa8 20. Re1 Bxb3 21. axb3 Nh4 22. Qxg6 Nxg6 23. Rd1 Kf8 24. Rd7 Re8 25. Kf1 Re7 26. Rd8+ Re8 27. Rd7 Re7 {½-½ (27) Jasny,S (2368)-Sosna,J (2347) Czech Republic 2017}) 16. Qh5 Bd7 17. Rae1 Rad8 18. g4 Nd6 19. Rd4 Bc8 20. Red1 Rd7 21. R1d3 Ne8 22. Rxd7 Bxd7 23. Ne4 h6 24. Qg6 c5 25. Nxc5 Bxg4 26. Qxg4 Qxc5 27. Qd4 Qa5 28. Rg3 b6 29. Kg2 Qf5 30. Qg4 Qf6 31. c3 Nd6 32. Rf3 Qe7 33. Qf4 Rd8 34. Bd5 Kf8 35. c4 Rc8 36. h4 Rc7 37. b3 Ne8 38. Re3 Qd8 39. Rd3 Nf6 40. Be4 Qe7 41. Bf3 Rc8 42. Kf1 Kg8 43. Qd6 Kf8 44. Qxe7+ Kxe7 45. Be2 a5 46. a3 Rc7 47. Ke1 Rc5 48. Re3+ Kd7 49. b4 Rf5 50. Rd3+ Kc7 51. Rd4 g5 52. hxg5 hxg5 53. f3 Nd7 54. Kf2 axb4 55. axb4 Ne5 56. Re4 Nc6 57. b5 Ne5 58. Ke3 Ng6 59. Rd4 Re5+ 60. Kf2 Nf4 61. Bf1 Re8 62. Rd1 Ra8 63. Re1 Ra2+ 64. Kg1 Ng6 65. Bd3 Nf4 66. Bf1 Rd2 67. Re7+ Rd7 68. Re5 f6 69. Rf5 Rd6 70. c5 1/2-1/2

[Event "45th Olympiad Budapest 2024"]
[Site "Budapest"]
[Date "2024.09.20"]
[Round "9.4"]
[White "Vakhidov, Jakhongir"]
[Black "Vidit, Santosh Gujrathi"]
[Result "1/2-1/2"]
[WhiteElo "2571"]
[BlackElo "2720"]
[PlyCount "56"]
[EventDate "2024.09.11"]
[EventType "team"]
[EventRounds "11"]
[EventCountry "HUN"]
[WhiteTeam "Uzbekistan"]
[BlackTeam "India"]
[WhiteTeamCountry "UZB"]
[BlackTeamCountry "IND"]

1. c4 c6 2. Nc3 d5 3. d4 Nf6 4. cxd5 cxd5 5. Bf4 Nc6 6. e3 Bf5 7. Qb3 Na5 8. Qa4+ Bd7 9. Qc2 Rc8 10. Bd3 e6 11. Nf3 Bb4 12. O-O O-O 13. a3 Bxc3 14. bxc3 Ne4 15. Bxe4 dxe4 16. Qxe4 Rxc3 $146 ({RR} 16... Bc6 17. Qd3 Qd5 18. Rfe1 f5 19. h3 Rf6 20. Kh2 Nc4 21. Rg1 Rg6 22. Qe2 h6 23. Bg3 Kh7 24. a4 a5 25. Ne1 Rf6 26. Nd3 g5 27. f3 b6 28. Rgf1 Qd7 29. Ne5 Nxe5 30. Bxe5 Rf7 31. Rfb1 {Santarius,E (2387)-Curi,G (2141) Montevideo 2018 1-0 (37)}) 17. Bd6 Re8 18. Bb4 Rc8 19. Bxa5 Qxa5 20. Qxb7 Bc6 21. Qb4 Qh5 22. Ne5 Bxg2 23. Kxg2 f6 24. Qd6 Rcd8 25. Qc7 Rc8 26. Qd6 Rcd8 27. Qc7 Rc8 28. Qd6 Rcd8 1/2-1/2

[Event "45th Olympiad Budapest 2024"]
[Site "Budapest"]
[Date "2024.09.20"]
[Round "9.1"]
[White "Caruana, Fabiano"]
[Black "Rapport, Richard"]
[Result "1/2-1/2"]
[WhiteElo "2798"]
[BlackElo "2715"]
[PlyCount "151"]
[EventDate "2024.09.11"]
[EventType "team"]
[EventRounds "11"]
[EventCountry "HUN"]
[WhiteTeam "United States of America"]
[BlackTeam "Hungary"]
[BlackTeamCountry "HUN"]

1. e4 c5 2. Nf3 Nc6 3. Bb5 g6 4. O-O Bg7 5. Re1 e5 6. Bxc6 dxc6 7. a4 Qc7 ({RR} 7... Qe7 8. Na3 Be6 9. d3 f6 10. Nc4 Bxc4 11. dxc4 Nh6 12. a5 Nf7 13. Be3 Bh6 14. Bxh6 Nxh6 15. Qe2 Nf7 16. g3 O-O 17. Kg2 Kg7 18. h4 h5 19. c3 Rfd8 20. Qe3 Rd7 21. Red1 Rad8 22. Rxd7 {Caruana,F (2794)-Carlsen,M (2830) Toronto CAN 2023 1-0 (60)}) 8. Na3 a5 9. d3 Nf6 10. Be3 $146 ({RR} 10. Bd2 O-O 11. Nc4 Re8 12. h3 Nd7 13. Nh2 Nf8 14. Qf3 Ne6 15. c3 b5 16. Na3 Rb8 17. Ng4 Nf4 18. d4 cxd4 19. cxd4 Bxg4 20. hxg4 Ne6 21. d5 Nd4 22. Qd3 b4 23. Nc2 cxd5 24. Nxd4 exd4 {Bochnicka,V (2405)-Gallagher,J (2423) Apolda GER 2024 1-0 (36)}) 10... b6 11. Nc4 Nd7 12. Qd2 h6 13. c3 Ba6 14. b3 Bxc4 15. bxc4 O-O-O 16. Qc2 Kb7 17. Rab1 Rhe8 18. Qc1 g5 19. h4 g4 20. Nh2 Qd6 21. Qd1 h5 22. Nf1 Bh6 23. Ng3 Bxe3 24. fxe3 Nf6 25. Rf1 Ka6 26. Rb2 Re6 27. Qb1 Rb8 28. Rf5 Rb7 29. Kh2 Qd8 30. Kg1 Ne8 31. Rg5 Nf6 32. Qf1 Rd7 33. Rd2 Ka7 34. Rf5 Ka6 35. Rd1 Ka7 36. Rd2 Ka6 37. Rd1 Ka7 38. Qf2 Ka6 39. Qe2 Ka7 40. Qf1 Kb7 41. Rf2 Ka7 42. Rfd2 Ne8 43. d4 Qxh4 44. Nf5 Qd8 45. Rd3 cxd4 46. cxd4 c5 47. dxc5 Rxd3 48. Rxd3 Qc7 49. cxb6+ Rxb6 50. Rd5 Rb7 51. Qa1 g3 52. Nxg3 Nf6 53. Rxe5 Rb1+ 54. Qxb1 Qxe5 55. Qe1 Ng4 56. Nf1 Nf6 57. Qd2 Kb7 58. Qd8 Nxe4 59. Qd7+ Kb6 60. Qxf7 Kc5 61. Qb7 Nc3 62. Qb3 h4 63. Kf2 Qf5+ 64. Ke1 Qd3 65. Qb2 Kc6 66. e4 Kc7 67. c5 Qd1+ 68. Kf2 Qd4+ 69. Ke1 Qd1+ 70. Kf2 Qd4+ 71. Ke1 Qxe4+ 72. Kd2 Nd5 73. Qb5 Qd4+ 74. Ke1 Qe5+ 75. Kf2 Qd4+ 76. Ke1 1/2-1/2

[Event "45th Olympiad Budapest 2024"]
[Site "Budapest"]
[Date "2024.09.20"]
[Round "9.2"]
[White "Leko, Peter"]
[Black "So, Wesley"]
[Result "1/2-1/2"]
[WhiteElo "2666"]
[BlackElo "2752"]
[PlyCount "108"]
[EventDate "2024.09.11"]
[EventType "team"]
[EventRounds "11"]
[EventCountry "HUN"]
[WhiteTeam "Hungary"]
[BlackTeam "United States of America"]
[WhiteTeamCountry "HUN"]

1. e4 e6 2. d4 d5 3. Nc3 Bb4 4. e5 c5 5. a3 Ba5 6. b4 cxd4 7. Nb5 Bc7 8. f4 Bd7 9. Nxc7+ Qxc7 10. Bb2 Ba4 11. Bd3 Nc6 12. Nf3 Nge7 13. O-O Qb6 14. Kh1 Bb5 15. Bxd4 Nxd4 16. Nxd4 Bxd3 ({RR} 16... Bc4 17. c3 O-O 18. Rf3 Bxd3 19. Qxd3 Rac8 20. Rh3 h6 21. Rf1 Rc4 22. Rff3 Rfc8 23. Qd1 Nf5 24. Nxf5 exf5 25. Qxd5 Rd4 26. Qb3 Qe6 27. Qc2 Qa2 28. Qc1 Qe2 29. Rf1 Rd2 30. Rg1 Rc2 31. Qd1 {Pobor,M (2201)-Sukovic,A (2339) Podgorica MNE 2024 ½-½ (61)}) 17. Qxd3 g6 $146 ({RR} 17... O-O 18. f5 Nxf5 19. Nxf5 exf5 20. Qxd5 Rad8 21. Qf3 g6 22. Rad1 Qc7 23. Rd6 Qxc2 24. Qxb7 Qe2 25. Rc1 f4 26. Qd5 Rde8 27. Rf6 Rxe5 28. Qf3 Qxf3 29. gxf3 Re2 30. Rxf4 Rd8 31. a4 Rdd2 32. h4 {Michiels,B (2515)-Hovhannisyan,M (2492) Lommel 2012 0-1 (64)}) ({RR} 17... Rc8 18. Nb5 O-O 19. Nd6 Rc7 20. Rad1 a6 21. Rf3 Qc6 22. c3 Nc8 23. Rh3 h6 24. b5 Qb6 25. bxa6 bxa6 26. Qg3 Nxd6 27. exd6 Qxd6 28. Rxh6 Rfc8 29. Rh5 g6 30. Rh6 Qe7 31. Qd3 Qf6 32. Qxa6 {Kosintseva,N (2516)-Mkrtchian,L (2450) Jermuk 2012 0-1 (44)}) ({RR} 17... O-O 18. f5 Nxf5 19. Nxf5 exf5 20. Rxf5 Qe6 21. Raf1 Rac8 22. h3 Rc7 23. Qg3 Rfc8 24. Rf6 Qe8 25. Rd6 Rxc2 26. Rxd5 Rc1 27. Rxc1 Rxc1+ 28. Kh2 Rc8 29. Qd3 h6 30. Qd4 a6 31. Rd7 b5 32. Rd6 {Kalegin,E (2414)-Sharikov,A (2069) Sochi 2021 1-0 (40)}) 18. Qb5+ Kf8 19. Qxb6 axb6 20. Nb5 Kg7 21. c3 Nf5 22. Rf3 h5 23. g3 Rac8 24. Kg2 Rc4 25. h4 Kf8 26. Rd3 Ke7 27. Kf3 Re4 28. a4 Ra8 29. Nc7 Rc8 30. Nb5 Ra8 31. Nc7 Rc8 32. Nb5 Kd7 33. Rad1 Rec4 34. Ra1 Re4 35. Rad1 Rec4 36. Ra1 Ke7 37. Ra3 Ra8 38. Ra2 Re4 39. Ra1 Kd7 40. Ra2 Rc8 41. Ra1 Ke7 42. Rad1 Rec4 43. Rb1 Kf8 44. Rb3 Rd8 45. Rb1 Ra8 46. Ra1 Rcc8 47. Ra3 Ke7 48. Rd2 Ra6 49. Rd1 Kd7 50. Rd2 Rc4 51. Rd3 Ra8 52. Ra1 Kc6 53. Ra3 Re4 54. Ra1 Rc4 1/2-1/2

[Event "45th Olympiad Budapest 2024"]
[Site "Budapest"]
[Date "2024.09.20"]
[Round "9.3"]
[White "Dominguez Perez, Leinier"]
[Black "Sjugirov, Sanan"]
[Result "1-0"]
[WhiteElo "2748"]
[BlackElo "2644"]
[PlyCount "99"]
[EventDate "2024.09.11"]
[EventType "team"]
[EventRounds "11"]
[EventCountry "HUN"]
[WhiteTeam "United States of America"]
[BlackTeam "Hungary"]
[BlackTeamCountry "HUN"]

1. e4 {ChessBase} c5 2. Nf3 d6 3. d4 cxd4 4. Nxd4 Nf6 5. Nc3 a6 6. Be3 e5 7. Nb3 Be7 8. f3 Be6 9. Qd2 O-O 10. O-O-O Nbd7 11. g4 b5 12. g5 b4 13. Ne2 Ne8 14. f4 a5 15. f5 a4 16. fxe6 axb3 17. cxb3 fxe6 18. Kb1 Rxa2 19. Bh3 Ra5 20. Bxe6+ Kh8 21. Ng3 Nc7 22. Bc4 Qa8 23. Rhf1 Rxf1 24. Rxf1 Ra1+ 25. Kc2 Rxf1 26. Bxf1 d5 27. Qf2 g6 ({RR} 27... Qc6+ 28. Kb1 d4 29. Bd2) ({RR} 27... d4 28. Bd2 Qf8 29. Qg2 g6 30. h4 Ne6 31. Qh3 Ndc5 32. Bc4 d3+ 33. Kb1 Nd4 34. Bxb4 Ndxb3 35. Bxb3 Nxb3 36. Bc3 Nd4 37. Bxd4 exd4 38. Nf1 h6 39. Qxd3 hxg5 40. hxg5 Qd8 41. Qh3+ Kg8 42. Qe6+ {Maldonado Gonzales,S (2245)-Laneve,G (2004) Forni di Sopra ITA 2024 ½-½ (52)}) 28. h4 Qf8 29. Qxf8+ Nxf8 30. Bh3 $146 ({RR} 30. Ba7 dxe4 31. Bb8 ({RR} 31. Nxe4) 31... Nfe6 32. Nxe4 h6 33. Bc4 hxg5 34. hxg5 Kg7 35. Kd3 Kf8 36. Ke3 Bd8 37. Bxe6 Nxe6 38. Bxe5 Nxg5 39. Bd6+ Ke8 40. Bxb4 Nxe4 41. Kxe4 Kd7 42. Kd5 {½-½ (41) Radjabov,T (2726)-Vachier Lagrave,M (2757) Tashkent 2014 CBM 163 [ChessBase]}) ({RR} 30. exd5 Nxd5 31. Bf2 Ne6 32. Kd3 h6 33. Ke4 Ndf4 34. Kxe5 hxg5 35. Bc4 gxh4 36. Nh1 {1-0 (35) Barski,R (2402)-Borovikov,V (2553) Paleochora 2017}) 30... dxe4 31. Nxe4 Nd5 32. Ba7 Nf4 33. Bc8 Ng2 34. Bf2 h6 35. Kd3 hxg5 36. Nxg5 Nh7 37. Nf3 Bd6 38. Bb7 Kg7 39. Kc4 Nf6 40. Ng5 Ng4 41. Bc5 N4e3+ 42. Kxb4 Bxc5+ 43. Kxc5 Nxh4 44. b4 Kf6 45. b5 Ke7 46. b6 Kd7 47. Bc6+ Kc8 48. Ne6 Ng4 49. b7+ Kb8 50. Kb6 1-0

[Event "45th Olympiad Budapest 2024"]
[Site "Budapest"]
[Date "2024.09.20"]
[Round "9.4"]
[White "Gledura, Benjamin"]
[Black "Aronian, Levon"]
[Result "1/2-1/2"]
[WhiteElo "2628"]
[BlackElo "2729"]
[PlyCount "62"]
[EventDate "2024.09.11"]
[EventType "team"]
[EventRounds "11"]
[EventCountry "HUN"]
[WhiteTeam "Hungary"]
[BlackTeam "United States of America"]
[WhiteTeamCountry "HUN"]

1. d4 Nf6 2. c4 e6 3. Nc3 Bb4 4. Qc2 O-O 5. a3 Bxc3+ 6. Qxc3 d5 7. Bg5 h6 8. Bxf6 Qxf6 9. Nf3 dxc4 10. Qxc4 Nc6 11. Qc3 Re8 12. e3 e5 13. Nxe5 Nxe5 14. dxe5 Qxe5 15. Qxe5 Rxe5 16. Rc1 c5 $146 ({RR} 16... c6 17. Bc4 Kf8 18. Ke2 Be6 19. Rhd1 Ke7 20. Bxe6 Rxe6 21. f3 a5 22. Rc4 Rd8 23. Rxd8 Kxd8 24. e4 Re5 25. b3 Rb5 26. Rc3 Kd7 27. Ke3 g5 28. Kd4 Ke6 29. g3 f5 30. f4 gxf4 31. gxf4 {Bok,B (2624)-Sevian,S (2647) Krasnaya Polyana 2021 ½-½ (40)}) 17. g3 Be6 18. Be2 Rd8 19. Bc4 Bh3 20. Rd1 Rde8 21. Bb5 Rb8 22. Ke2 a6 23. Bd7 Bg2 24. Rhe1 Be4 25. f3 Bc2 26. Rd2 Bb3 27. e4 g6 28. Ke3 Rd8 29. h4 Kg7 30. Bh3 Ree8 31. Ree2 Ba4 1/2-1/2

[Event "45th Olympiad Budapest 2024"]
[Site "Budapest"]
[Date "2024.09.20"]
[Round "9.1"]
[White "Ding, Liren"]
[Black "Maghsoodloo, Parham"]
[Result "1/2-1/2"]
[WhiteElo "2736"]
[BlackElo "2723"]
[PlyCount "120"]
[EventDate "2024.09.11"]
[EventType "team"]
[EventRounds "11"]
[EventCountry "HUN"]
[WhiteTeam "China"]
[BlackTeam "Iran"]
[WhiteTeamCountry "CHN"]
[BlackTeamCountry "IRI"]

1. Nf3 Nf6 2. c4 e6 3. g3 d5 4. Bg2 a6 5. b3 d4 6. O-O ({RR} 6. e3 Nc6 7. O-O e5 8. exd4 exd4 9. Re1+ Be7 10. Ba3 O-O 11. Bxe7 Nxe7 12. d3 c5 13. Nbd2 Nc6 14. Ne5 Nxe5 15. Rxe5 Qc7 16. Qe2 Bd7 17. a3 Rae8 18. Nf3 Bc6 19. Rxe8 Rxe8 20. Qd2 b6 {Posthuma,J (2409)-Di Benedetto,E (2401) Budapest HUN 2024 ½-½}) 6... c5 7. e3 Nc6 8. d3 h6 $146 ({RR} 8... Be7 9. exd4 cxd4 10. Re1 O-O 11. Bb2 Re8 12. Nbd2 Bf8 13. a3 e5 14. b4 Bd6 15. Ng5 h6 16. Nge4 Nxe4 17. Bxe4 Be6 18. Qf3 Qd7 19. c5 Bc7 20. Nc4 Bg4 21. Qg2 Bh3 22. Qf3 Bg4 23. Qg2 {Tan,Z (2483)-Muminova,N (2307) Manila 2013 1-0 (44)}) 9. Re1 Bd6 10. exd4 cxd4 11. Bb2 O-O 12. Nbd2 e5 13. c5 Bc7 14. Nc4 Re8 15. b4 Bf5 16. Qb3 Be6 17. a4 Rc8 18. Nfd2 Bd5 19. Ba3 Bxg2 20. Kxg2 Qd5+ 21. Ne4 Nd7 22. Na5 Qxb3 23. Nxb3 f5 24. Ned2 b5 25. cxb6 Nxb6 26. Nc5 Nb8 27. b5 axb5 28. axb5 Kf7 29. h4 N8d7 30. Nxd7 Nxd7 31. Nc4 Ke6 32. f4 Kd5 33. fxe5 Nxe5 34. b6 Bb8 35. b7 Rcd8 36. Nxe5 Rxe5 37. Rxe5+ Kxe5 38. Bc1 Kd5 39. Ra5+ Kc6 40. Rxf5 Rd7 41. Bf4 Rxb7 42. Bxb8 Rxb8 43. Rf7 g5 44. Rf6+ Kc5 45. h5 Rb3 46. Rxh6 Rxd3 47. Rg6 Rd2+ 48. Kf3 Rh2 49. Kg4 d3 50. Rg8 d2 51. Rd8 Kc4 52. Kxg5 Kc3 53. h6 Rh1 54. g4 d1=Q 55. Rxd1 Rxd1 56. h7 Rh1 57. Kg6 Kd4 58. Kg7 Ke5 59. g5 Kf5 60. g6 Rh2 1/2-1/2

[Event "45th Olympiad Budapest 2024"]
[Site "Budapest"]
[Date "2024.09.20"]
[Round "9.2"]
[White "Tabatabaei, M. Amin"]
[Black "Wei, Yi"]
[Result "0-1"]
[WhiteElo "2714"]
[BlackElo "2762"]
[PlyCount "104"]
[EventDate "2024.09.11"]
[EventType "team"]
[EventRounds "11"]
[EventCountry "HUN"]
[WhiteTeam "Iran"]
[BlackTeam "China"]
[WhiteTeamCountry "IRI"]
[BlackTeamCountry "CHN"]

1. e4 c5 2. Nf3 d6 3. d4 cxd4 4. Nxd4 Nf6 5. Bc4 e6 6. Bd3 g6 7. O-O Bg7 8. c4 O-O 9. Nc3 d5 10. e5 $146 ({RR} 10. exd5 exd5 11. Bg5 dxc4 12. Bxc4 h6 13. Bh4 Qc7 14. Bb3 Qb6 15. Rc1 Nc6 16. Nxc6 bxc6 17. Qd6 Rd8 18. Qe5 Re8 19. Qd6 Rd8 20. Qe7 Rd7 21. Qe5 g5 22. Bg3 Ba6 23. Rfe1 Re8 24. Qf5 Qd8 {Nepomniachtchi,I (2770)-Vachier Lagrave,M (2718) Zagreb CRO 2024 ½-½ (60)}) 10... dxc4 11. Bxc4 Nd5 12. f4 Nc6 13. Nxc6 bxc6 14. Qe2 f6 15. exf6 Qxf6 16. Kh1 Bd7 17. Be3 Qd8 18. Na4 Rb8 19. Rad1 Qc7 20. Bb3 Rbe8 21. Qd2 Bc8 22. Bc5 Rf5 23. Bc2 Rh5 24. Be4 Ba6 25. Rf3 Bb5 26. Bc2 g5 27. Bg1 gxf4 28. Nc5 Ne3 29. Rxe3 fxe3 30. Qxe3 Qe5 31. Be4 Bc4 32. Nd3 Qf6 33. Bxc6 Rd8 34. b3 Bd5 35. Nf4 Re5 36. Nxd5 Rdxd5 37. Qc1 Bh6 38. Qa1 Rxd1 39. Qxd1 Be3 40. Bf3 Bxg1 41. Kxg1 Qg5 42. g3 Rc5 43. Kg2 Qf5 44. Qd8+ Kf7 45. Qd7+ Kg6 46. h4 Rc2+ 47. Kg1 Qxf3 48. h5+ Kf6 49. Qd8+ Kf5 50. Qf8+ Kg4 51. Qb4+ Kxg3 52. Qd6+ Kh3 0-1

[Event "45th Olympiad Budapest 2024"]
[Site "Budapest"]
[Date "2024.09.20"]
[Round "9.4"]
[White "Idani, Pouya"]
[Black "Bu, Xiangzhi"]
[Result "1/2-1/2"]
[WhiteElo "2599"]
[BlackElo "2693"]
[PlyCount "120"]
[EventDate "2024.09.11"]
[EventType "team"]
[EventRounds "11"]
[EventCountry "HUN"]
[WhiteTeam "Iran"]
[BlackTeam "China"]
[WhiteTeamCountry "IRI"]
[BlackTeamCountry "CHN"]

1. e4 e5 2. Nf3 Nf6 3. Nxe5 d6 4. Nf3 Nxe4 5. d4 d5 6. Bd3 Nc6 7. O-O Be7 8. Nbd2 Bf5 9. Re1 Nxd2 10. Qxd2 Bg6 11. Bxg6 hxg6 12. Qd3 Qd7 13. Bg5 O-O 14. Bxe7 Nxe7 15. Ne5 Qd6 16. h4 $146 ({RR} 16. Re2 Rae8 17. Rae1 Nc8 18. Nf3 Rxe2 19. Rxe2 Qd7 20. Ne5 Qe6 21. Nf3 Qd7 22. Re5 Re8 23. Qb3 Nb6 24. Qe3 Rxe5 25. dxe5 Qe7 26. b3 c5 27. e6 fxe6 28. Qe5 Nd7 29. Qc7 Qf6 30. h4 Nf8 {Huschenbeth,N (2605)-Svane,R (2646) Douglas IOM 2023 1-0 (85)}) 16... Rae8 17. c3 Qe6 18. Qb5 Qc8 19. Qd7 c6 20. g4 f6 21. Qxc8 Rxc8 22. Nd3 Rfe8 23. Re3 Kf7 24. Nc5 Rc7 25. Rae1 Rh8 26. Ne6 Rd7 27. Nf4 Nc8 28. Rh3 Re7 29. Rxe7+ Nxe7 30. Re3 Nc8 31. h5 gxh5 32. Nxh5 Nd6 33. f3 f5 34. Kg2 g6 35. Nf4 fxg4 36. fxg4 Rh4 37. Re7+ Kxe7 38. Nxg6+ Kf6 39. Nxh4 Nc4 40. b3 Ne3+ 41. Kf3 Nd1 42. c4 dxc4 43. bxc4 Nc3 44. Kf4 Ne2+ 45. Ke3 Nc3 46. a3 b5 47. Kd3 Nb1 48. a4 bxa4 49. Nf3 a3 50. Kc2 a2 51. Kb2 Nc3 52. Ne5 c5 53. Nd7+ Kg5 54. dxc5 Ne4 55. c6 Nd6 56. c5 Nb5 57. Nb6 Nc7 58. Kxa2 axb6 59. cxb6 Nd5 60. b7 Nb4+ 1/2-1/2

[Event "45th Olympiad Budapest 2024"]
[Site "Budapest"]
[Date "2024.09.20"]
[Round "9.1"]
[White "Carlsen, Magnus"]
[Black "Fedoseev, Vladimir"]
[Result "0-1"]
[WhiteElo "2832"]
[BlackElo "2692"]
[PlyCount "110"]
[EventDate "2024.09.11"]
[EventType "team"]
[EventRounds "11"]
[EventCountry "HUN"]
[WhiteTeam "Norway"]
[BlackTeam "Slovenia"]
[WhiteTeamCountry "NOR"]
[BlackTeamCountry "SLO"]

1. d4 d5 2. Nf3 c5 3. c4 cxd4 4. cxd5 Nf6 5. Nxd4 Nxd5 6. e4 Nf6 7. Bb5+ Bd7 8. Nc3 e5 9. Bxd7+ Qxd7 10. Nf5 Qxd1+ 11. Kxd1 Nc6 12. Bg5 Ng4 $146 ({RR} 12... Nd7 13. Nd5 Rc8 14. Ke2 f6 15. Be3 g6 16. Ng3 Kf7 17. Rac1 h5 18. Rhd1 Bh6 19. Rc3 Bxe3 20. fxe3 h4 21. Nf1 Ne7 22. Rb3 Nc5 23. Rb4 a5 24. Rb6 Rc6 25. Rb5 Rb8 26. Nd2 Nc8 27. Rxa5 {Borrmann,L (2345)-Skotheim,A (2225) chess.com INT 2024 0-1 (59)}) 13. Ke2 f6 14. Bh4 h5 15. f3 Nh6 16. Bf2 Nxf5 17. exf5 O-O-O 18. Rhd1 Rxd1 19. Rxd1 h4 20. Kd3 Rh5 21. Ke4 Rg5 22. Rg1 g6 23. Bxh4 gxf5+ 24. Kd5 Rg6 25. Ke6 Bc5 26. Rh1 Nd4+ 27. Kd5 b6 28. f4 Kd7 29. g4 fxg4 30. fxe5 fxe5 31. Ne4 Nf3 32. Nxc5+ bxc5 33. Bg3 Rd6+ 34. Kxc5 Rd2 35. Rc1 Ke6 36. Rc4 Kf5 37. Ra4 Nxh2 38. Bxh2 Rxh2 39. Rxa7 Rxb2 40. a4 Rc2+ 41. Kb5 g3 42. Rg7 Kf4 43. a5 Rb2+ 44. Kc6 Ra2 45. Kb6 e4 46. a6 e3 47. Rf7+ Ke4 48. Re7+ Kf3 49. Rf7+ Kg2 50. a7 e2 51. Re7 Kf2 52. Rf7+ Ke3 53. Re7+ Kd2 54. Rd7+ Kc1 55. Rc7+ Kb1 0-1

[Event "45th Olympiad Budapest 2024"]
[Site "Budapest"]
[Date "2024.09.20"]
[Round "9.2"]
[White "Demchenko, Anton"]
[Black "Christiansen, Johan-Sebastian"]
[Result "1-0"]
[WhiteElo "2597"]
[BlackElo "2661"]
[PlyCount "87"]
[EventDate "2024.09.11"]
[EventType "team"]
[EventRounds "11"]
[EventCountry "HUN"]
[WhiteTeam "Slovenia"]
[BlackTeam "Norway"]
[WhiteTeamCountry "SLO"]
[BlackTeamCountry "NOR"]

1. e4 e6 2. d4 d5 3. Nc3 Nf6 4. Bg5 Be7 5. e5 Ne4 6. Nxe4 dxe4 7. Bxe7 Qxe7 8. Qd2 b6 9. O-O-O Bb7 10. f3 c5 11. fxe4 Bxe4 12. Nf3 O-O 13. Qe3 $146 ({RR} 13. Bd3 Bxd3 14. Qxd3 Rd8 15. Qe4 Na6 16. h4 h6 17. g4 Rac8 18. Kb1 cxd4 19. Rxd4 Nc5 20. Qe3 Rxd4 21. Nxd4 Qb7 22. Re1 Rd8 23. Nb5 Qe4 24. Qxe4 Nxe4 25. Nxa7 Nf2 26. Nc6 Rd7 27. g5 hxg5 {Tukan,E (1952)-Matrosov,V (2182) St Petersburg 2008 0-1 (47)}) 13... Bxf3 14. gxf3 Nc6 15. dxc5 bxc5 16. c3 Rfd8 17. Bb5 Na5 18. Rxd8+ Rxd8 19. Rd1 Rd5 20. Rxd5 exd5 21. b3 g6 22. f4 Kg7 23. Kb2 Qc7 24. Be2 Qb6 25. Qd3 d4 26. Qb5 Qc7 27. Bf3 dxc3+ 28. Kxc3 g5 29. Qa6 gxf4 30. Qf6+ Kg8 31. Bd5 Nb7 32. e6 Nd6 33. e7 Qa5+ 34. Kd3 Qb5+ 35. Kd2 f3 36. Qg5+ Kh8 37. Qe5+ Kg8 38. Bxf3 Qa5+ 39. Kd1 Ne8 40. Qb8 Qc3 41. Qxe8+ Kg7 42. Qf8+ Kg6 43. Be4+ Kg5 44. Qg8+ 1-0

[Event "45th Olympiad Budapest 2024"]
[Site "Budapest"]
[Date "2024.09.20"]
[Round "9.3"]
[White "Tari, Aryan"]
[Black "Subelj, Jan"]
[Result "1/2-1/2"]
[WhiteElo "2642"]
[BlackElo "2498"]
[PlyCount "60"]
[EventDate "2024.09.11"]
[EventType "team"]
[EventRounds "11"]
[EventCountry "HUN"]
[WhiteTeam "Norway"]
[BlackTeam "Slovenia"]
[WhiteTeamCountry "NOR"]
[BlackTeamCountry "SLO"]

1. e4 e5 2. Nf3 Nc6 3. Bc4 Bc5 4. c3 Nf6 5. d3 d6 6. b4 Bb6 7. a4 a5 8. b5 Ne7 9. Nbd2 O-O 10. O-O Ng6 11. d4 Bg4 12. Qc2 exd4 13. cxd4 d5 14. exd5 Nxd5 15. Qb3 c6 $146 ({RR} 15... Be6 16. Ba3 Re8 17. Rae1 h6 18. Re4 c6 19. Rfe1 Bc7 20. g3 Bd6 21. Bc5 Nf8 22. Qa3 Bxc5 23. dxc5 Nf6 24. R4e3 Qd7 25. Bxe6 Rxe6 26. Nc4 Rxe3 27. Rxe3 Nd5 28. Rd3 Qe7 29. Nd6 {½-½ (29) Kadric,D (2558)-Narayanan,S (2695) Sharjah UAE 2024}) 16. Re1 Nb4 17. Bb2 Nf4 18. Re4 Bc7 19. Ne5 Bxe5 20. dxe5 Be6 21. Nf3 cxb5 22. axb5 Bxc4 23. Qxc4 Rc8 24. Qf1 Ne6 25. Ba3 Qd5 26. Bxb4 Qxe4 27. Bxf8 Kxf8 28. Rxa5 Nd4 29. Nxd4 Qxd4 30. Ra1 Qxe5 1/2-1/2